000
00189 a2200097 4500
020
_a
9780061926518
041
_a
eng
100
_a
Phillip Margolin
245
_a
Supreme justice
942
_c
BK
999
_c
11312
_d
11312